Wiedza ogólna o świecie #4 - Statystyki

Ogólne statystyki
  • Ten quiz został rozwiązany 60 razy
    51 od ostatniego zresetowania
  • Średni wynik to 11 z 15
Statystyki odpowiedzi
Zagadnienie Odpowiedź % Poprawnych
Jaką walutę używa się w Wielkiej Brytanii? Funt
100%
Ile wynosi liczba π (Pi) z dokładnością do dwóch miejsc po przecinku? 3,14
97%
Który kraj jest znany z opery w Sydney? Australia
97%
Jak nazywa się stolica Egiptu? Kair
97%
Ile wynosi kąt prosty? 90°
94%
Która substancja odpowiada za kolor marchwi? Beta-karoten
82%
Kto wynalazł telefon? Alexander Graham Bell
76%
Które państwo ma kształt połowy księżyca i gwiazdę na czerwonej fladze? Turcja
76%
Który ocean jest największy na świecie? Spokojny
71%
Jak nazywa się najbliższa Ziemi gwiazda? Słońce
56%
W którym roku upadł Mur Berliński? 1989
53%
Jak nazywa się najdłuższy łańcuch górski na świecie? Andy
53%
Który organ w ludzkim ciele jest największy? Skóra
53%
Jak nazywa się największe jezioro na świecie? Morze Kaspijskie
47%
W jakim języku napisano „Don Kichota”? Hiszpańskim
35%
Nie znaleziono quizów pasujących do podanych kryteriów
Rozkład punktacji
Procent ludzi z każdym wynikiem
Percentyl według liczby udzielonych odpowiedzi
Twoja historia wyników
Nie rozwiązałeś tego quizu od ostatniego zresetowania